00739nam a2200241 a 4500001001300000003000900013005001700022008004100039020001000080082001300090100001700103245007600120260005000196300000800246500003500254505001800289650002900307700001700336902000800353942000700361952011400368999001500482nice12345678IN_TiNIC20260116012356.0050524s1989 kota grp 000 0 eng  ac10000a291bJOS aJoseph, Babu aFailure of Marxism Victory of Jesusb Can a Christian Be a Marxist Too? aKottayambChristian Liberation Movementc1989 a88p aincludes index and biblioraphy2 aBiblio, Index aMarxism and Christianity1 aJoseph, Babu bSRS cBK 001040708StackRoom-aHMIbHMId2007-07-20g100.00l0o291 JOSp014160r2007-07-20v100.00w2005-05-24yBK c6764d6764